Remešová, Věra: Ikonografie a atributy svatých

Bibliographic Details
Main Authors: Baginová, Oľga (Author), Remeová, Věra (Author)
Format: Article
Language:Slovak
Subjects:

MARC

LEADER 00000nab a2200000 a 4500
001 vtls000482493
003 SK-MaSNL
005 20260303171418.0
008 230223c1992 xo 0 slo
015 |a SNBRB19rr/mm-uuuuu 
035 |a CL0482628 
035 |a urn:nbn:sk:snk-abf20x 
035 |a (urnnbn)urn:nbn:sk:snk:ar-005f5q 
035 |a (uuid)008c75a1-dead-4e76-accf-c0f366de95b4 
040 |a SNKBUCL  |b slo  |c SNKBUCL  |e AACR2 
041 0 |a slo 
044 |a xo  |c SK 
080 |a 235.3  |2 1981 
080 |a 246.5  |2 1981 
100 1 |a Baginová, Oľga  |4 aut  |9 5683 
245 1 0 |a Remešová, Věra: Ikonografie a atributy svatých  |c Oľga Baginová 
650 0 7 |a ikonografia  |2 snkbucl  |9 26172 
650 0 7 |a svätci  |2 snkbucl  |9 1606 
655 7 |a články z novín a časopisov  |2 snkbucl  |9 267496 
700 1 |a Remeová, Věra  |4 aut  |9 1195880 
773 0 |t Slovenská literatúra  |g Roč. 39, č. 2 (1992), s. 182-183 
787 0 8 |i Rec.:  |a Remeová, Věra  |t Ikonografie a atributy svatých  |d Praha : Zvon, 1991 
850 |a Slovenská národná knižnica v Martine  |a MTA001 
852 |a SNK  |b KIS3GCP 
954 |a odborná, vedecká literatúra pôvodná (slovenská)  |2 lita 
958 |a RK 
958 |a CZ 
958 |a OND 
958 |a EUIPO 
958 |a article27 
992 |a RBX 
999 |c 2081221  |d 2083151